02113nam a2200325 a 450000100100000000500170001000800410002708200110006824500450007926000760012430000280020049000320022859000260026083000390028695201090032595201100043495201100054495201100065495201100076495201110087495201110098595201110109695201100120795201100131795201100142795201100153795201100164799900170175704000130177400004838720201002061121.0190219s2014 dr a 000 0 spa d axxbxx00aClara Ledesma :bespejo de la memoria /. aSanto Domingo :bMuseo de Arte Moderno ;bMinisterio de Cultura,c2014. a91 p. :bils. ;c31 cm.1 aFernándo Báez Guerrero, aInventariado, 2019/VM00aFernándo Báez Guerrero,975798 0010718PDaPDbPDcHDd2019-02-19iLF1l0oxx xxp48387-10r2020-06-25w2020-06-25yLFPDZNo se presta 00107-18PDaGRbGRcOId2019-02-19iLF1l0oxx xxp48388-50r2020-06-25w2020-06-25yLFPDZNo se presta 00107-18PDaGRbGRcOId2019-02-19iLF1l0oxx xxp48388-60r2020-06-25w2020-06-25yLFPDZNo se presta 00107-18PDaGRbGRcOId2019-03-14iLF1l0oxx xxp48388-90r2020-06-25w2020-06-25yLFPDZNo se presta 00107-18PDaPDbPDcOId2019-02-19iLF1l0oxx xxp48388-10r2020-06-25w2020-06-25yLFPDZNo se presta 00107-18PDaPDbPDcOId2019-03-14iLF1l0oxx xxp48388-100r2020-06-25w2020-06-25yLFPDZNo se presta 00107-18PDaPDbPDcOId2019-03-14iLF1l0oxx xxp48388-110r2020-06-25w2020-06-25yLFPDZNo se presta 00107-18PDaPDbPDcOId2019-03-14iLF1l0oxx xxp48388-120r2020-06-25w2020-06-25yLFPDZNo se presta 00107-18PDaPDbPDcOId2019-02-19iLF1l0oxx xxp48388-20r2020-06-25w2020-06-25yLFPDZNo se presta 00107-18PDaPDbPDcOId2019-02-19iLF1l0oxx xxp48388-30r2020-06-25w2020-06-25yLFPDZNo se presta 00107-18PDaPDbPDcOId2019-02-19iLF1l0oxx xxp48388-40r2020-06-25w2020-06-25yLFPDZNo se presta 00107-18PDaPDbPDcOId2019-03-14iLF1l0oxx xxp48388-70r2020-06-25w2020-06-25yLFPDZNo se presta 00107-18PDaPDbPDcOId2019-03-14iLF1l0oxx xxp48388-80r2020-06-25w2020-06-25yLFPDZNo se presta c47875d47875 aDO-SdBNP